00812cam a2200205 a 45000010009000000050017000090080041000260200015000670200018000820500024001001000022001242450068001462500012002142600050002263000025002766500016003018560106003178560091004238560092005141371375220260122101703.0040909s2006 ohu b 001 0 eng  a0324233531 a978032423353700aHF5635 b.P215 20061 aPahler, Arnold J.10aAdvanced accounting :bconcepts & practice /cArnold J. Pahler. a9th ed. aMason, Ohio :bThomson/South-Western,cc2006. axx, 967 p. ;c29 cm. 0aAccounting.423Contributor biographical informationuhttp://www.loc.gov/catdir/enhancements/fy1302/2004113252-b.html423Publisher descriptionuhttp://www.loc.gov/catdir/enhancements/fy1302/2004113252-d.html413Table of contents onlyuhttp://www.loc.gov/catdir/enhancements/fy1302/2004113252-t.html